| 000 | 00587nam a2200169 4500 | ||
|---|---|---|---|
| 008 | 040422s1990 scum a000 0 eng d | ||
| 020 | _a0852343094 :L5.95 | ||
| 090 |
_aBT761.2 _bB41j |
||
| 100 | 1 |
_aBelcher, Richard P., _d1934- |
|
| 245 | 1 | 2 |
_aA journey in grace : _ba theological novel / _cby Richard P. Belcher. |
| 260 |
_aColumbia, S.C. : _bRichbarry Press, _cc1990. |
||
| 300 |
_aiii, 154 p. ; _c20 cm. |
||
| 650 | 4 |
_aCalvinism _vFiction. |
|
| 650 | 4 |
_aChristian life _vFiction. |
|
| 650 | 4 | _aGrace (Theology). | |
| 951 |
_p16423 _x00006802 _oBT761.2/B41j _j070613111355328 _d2000-12-21 _cGC |
||
| 999 |
_c19979 _d19979 |
||